000 00601nam a2200217Ia 4500
003 OSt
005 20250812141756.0
008 220923b |||||||| |||| 00| 0 eng d
037 _cReference
040 _aRTL
_cRTL
_beng
041 _2eng
_aeng
084 _aB6 M0/SC
_qRTL
100 _aEfimov, N. V.
_9296989
245 0 _aHigher geometry
260 _aMoscow
_bMir Publishers
_c1980
300 _a560 p.
_bIncludes bibliographical reference and index
650 _aGeometry
650 _aMathematics
942 _hB6 M0/SC
_cREF
_2CC
_n0
999 _c590759
_d590759